Pengajaran dalam bilik darjah : (Record no. 47169)

MARC details
000 -LEADER
fixed length control field 00705nam a2200253 i 4500
001 - CONTROL NUMBER
control field C2-0149570
003 - CONTROL NUMBER IDENTIFIER
control field PPAK
005 - DATE AND TIME OF LATEST TRANSACTION
control field 20180727131721.0
008 - FIXED-LENGTH DATA ELEMENTS--GENERAL INFORMATION
fixed length control field 980324s1995 my |||| ||||| | may d
020 ## - INTERNATIONAL STANDARD BOOK NUMBER
International Standard Book Number 9839041193
040 ## - CATALOGING SOURCE
Original cataloging agency PPAK
Language of cataloging eng
Transcribing agency PPAK
Description conventions rda
082 04 - DEWEY DECIMAL CLASSIFICATION NUMBER
Classification number 371.332
Edition number 23
090 00 - LOCALLY ASSIGNED LC-TYPE CALL NUMBER (OCLC); LOCAL CALL NUMBER (RLIN)
Classification number (OCLC) (R) ; Classification number, CALL (RLIN) (NR) 371.332
Feature heading RAS
Feature heading G
100 0# - MAIN ENTRY--PERSONAL NAME
Personal name Rashidi Azizan,
Relator term author
245 10 - TITLE STATEMENT
Title Pengajaran dalam bilik darjah :
Remainder of title kaedah dan strategi
264 #1 - PRODUCTION, PUBLICATION, DISTRIBUTION, MANUFACTURE, AND COPYRIGHT NOTICE
Place of production, publication, distribution, manufacture Kajang, Selangor :
Name of producer, publisher, distributor, manufacturer Masa Enterprise ,
Date of production, publication, distribution, manufacture, or copyright notice 1995
300 ## - PHYSICAL DESCRIPTION
Extent viii, 160 pages ;
Dimensions 22 cm
336 ## - CONTENT TYPE
Source rdacontent
Content type term text
337 ## - MEDIA TYPE
Source rdamedia
Media type term unmediated
338 ## - CARRIER TYPE
Source rdacarrier
Carrier type term volume
650 10 - SUBJECT ADDED ENTRY--TOPICAL TERM
Topical term or geographic name entry element Teaching - Miscellanea
700 ## - ADDED ENTRY--PERSONAL NAME
Relator term author
942 ## - ADDED ENTRY ELEMENTS (KOHA)
-- dc
Koha item type Book
Holdings
Withdrawn Not for loan Current library Shelving location Date acquired Full call number Barcode Date last seen Koha item type
    Bergerak 3, Baling Pinjaman Dewasa 28/01/1999 371.332 RAS A00234005 08/05/2018 Book
    PD14, Felda Sungai Tiang, Pendang Pinjaman Dewasa 24/03/1998 371.332 RAS A00127448 08/05/2018 Book
    T-PD26, Kg. Lubuk Batu, Jitra Pinjaman Dewasa 24/03/1998 371.332 RAS A00127446 08/05/2018 Book